| 000 | 00724nam a2200229 4500 | ||
|---|---|---|---|
| 005 | 20250708142547.0 | ||
| 010 | _aENG-145845-8466 | ||
| 020 |
_c1595.00 _a9789395368230 |
||
| 020 |
_c595.00 _a9789395368223 |
||
| 035 | _aEN-129377 | ||
| 035 | _aEN-129378 | ||
| 037 | _bDBAD | ||
| 082 | _a370.954 | ||
| 100 |
_aReddy G.Lokanadha _982778 |
||
| 245 |
_aEducation in the Emerging Indian Society/ _cG.Lokanadha Reddy [et.al] |
||
| 260 |
_aHyderabad _bNeelkamal Publications Pvt. Ltd. |
||
| 270 |
_aSultan Bazar, Koti, Hyderabad _bHyderabad _e500001 |
||
| 300 |
_a445p. _c24.5cm(hb) |
||
| 300 |
_a445p. _c23.9cm (pb) |
||
| 700 |
_982746 _aT.C.Thankachan , M. Shailaja |
||
| 942 |
_2ddc _cEN _h370.954 _mRED |
||
| 999 |
_c212237 _d212237 |
||